000 00541nam a22001577a 4500
999 _c534762
_d534762
020 _qHard Cover.
082 _a629.04
100 _aMuhammad Junaid
245 _aCharacterization of conventional HMA mixtures using simple performance testing protocols /
_cMuhammad Junaid.
260 _aIslamabad:
_bSCEE - NUST,
_c2016.
300 _a121 p. :
_bill. ;
_c30cm.
942 _2ddc
_cTHE
650 _aTransportation Engineering MS-Thesis.
_916276
700 _aDr. Muhammad Irfan
_917128